000
00314nam a2200121Ia 4500
008
190216s9999||||xx |||||||||||||| ||und||
100
_a
Davis And Snider David
245
0
_a
Introduction To Vector Analysis
260
_b
Universal Bookstall Newdelhi
_c
1991
300
_a
408p
650
_a
Mathematics
942
_c
BK
999
_c
31357
_d
31357